000 01055nam a2200337 a 4500
001 000025217
003 DO-SdBPM
005 20250827102740.0
007 ta
008 110211s2008 dr 000 0 spa d
020 _a9789945406641
040 _aDO-SdBPM
_bspa
_cBPMSU
_erda
082 4 _a823.8
_bC319r 2008
_222
092 _a
100 1 _aCarroll, Lewis
_d1832-1898
_eautor
245 1 0 _aRobin Hood /
_cCarroll Lewis ; versión Montse V. ; ilustración A. Centeno /.
260 _b
264 _aSanto Domingo :
_bEditorial Alfa y Omega,
_c2008.
300 _a126 páginas :
_bilustraciones ;
_c24 cm.
336 _atexto
_btxt
_2rdacontent
337 _asin mediación
_bn
_2rdamedia
338 _avolumen
_bnc
_2rdacarrier
490 0 _aClásicos Universales Tobogán
590 _aInventariado, 2025/VM
650 7 _aNovela juvenil inglesa
650 7 _aLiteratura juvenil inglesa
700 1 _aMontse V.
_eversión
700 1 _aCenteno, A.
_eilustración
910 _aVMateo V. Control de calidad. BPMSU
942 _2ddc
_cBK
999 _c7494
_d7494